| 000 | 00441nam a2200157 a 4500 | ||
|---|---|---|---|
| 001 | 1015 | ||
| 003 | CDMR | ||
| 005 | 20131025180241.0 | ||
| 008 | 130130s1996||||||||||||||||||||||||||||d | ||
| 040 |
_aCDMR _bcat _cCPC GIRONA |
||
| 100 | 1 |
_aCosta i Fernández, Lluís _9647 |
|
| 245 | 1 | 3 |
_aEl periodisme _b: Quaderns de la Revista de Girona _cCosta, Lluís |
| 260 |
_bDiputació de Girona _aGirona |
||
| 260 |
_c1996 _bCaixa Girona |
||
| 942 |
_cMON _2udc |
||
| 999 |
_c1015 _d1015 |
||